The emarketplace : (Record no. 344551)
[ view plain ]
| 000 -LEADER | |
|---|---|
| fixed length control field | 01655 a2200205 4500 |
| 020 ## - INTERNATIONAL STANDARD BOOK NUMBER | |
| International Standard Book Number | 0071361235 |
| 020 ## - INTERNATIONAL STANDARD BOOK NUMBER | |
| International Standard Book Number | 9780071361231 |
| 082 04 - DEWEY DECIMAL CLASSIFICATION NUMBER | |
| Classification number | 658.84 |
| 090 ## - LOCALLY ASSIGNED LC-TYPE CALL NUMBER (OCLC); LOCAL CALL NUMBER (RLIN) | |
| -- | 2048 |
| -- | 2048 |
| 100 1# - MAIN ENTRY--PERSONAL NAME | |
| Personal name | Raisch, Warren. |
| 245 14 - TITLE STATEMENT | |
| Title | The emarketplace : |
| Remainder of title | strategies for success in B2b ecommerce / |
| Statement of responsibility, etc. | Warren Raisch. |
| 250 ## - EDITION STATEMENT | |
| Edition statement | 1st ed. |
| 260 ## - PUBLICATION, DISTRIBUTION, ETC. | |
| Place of publication, distribution, etc. | [S.l.] : |
| Name of publisher, distributor, etc. | McGraw-Hill Companies, |
| Date of publication, distribution, etc. | 2000. |
| 300 ## - PHYSICAL DESCRIPTION | |
| Extent | 343 p. ; |
| Dimensions | 23 cm. |
| 500 ## - GENERAL NOTE | |
| General note | Hardcover. |
| 520 ## - SUMMARY, ETC. | |
| Summary, etc. | One trillion dollars. That's what's at stake in the next few years in business-to-business e-commerce. Research shows that b-to-b spending will soar from $43 billion to over $1 trillion. Meanwhile, in the same span of time, business-to-consumer spending is expected to rise from $7.8 to only $108 billion. That's what's in the future for business-to-business electronic commerce, and companies like eSteel and PlasticsNet are already halfway there. Look no further than this comprehensive guide from two of the most respected professionals in the b-to-b realm. In this book MarchFIRST's Warren Raisch and William Kane, Jr., show readers exactly how to cash in on the e-commerce craze. Drawing from their experience at MarchFIRST, one of the leading Internet b-to-b strategy companies, the authors outline strategies for making your product known. Invaluable case studies of companies who've already taken the plunge help readers construct reliable methods and models of operation. |
| 856 40 - ELECTRONIC LOCATION AND ACCESS | |
| Materials specified | Amazon.com |
| Uniform Resource Identifier | <a href="http://www.amazon.com/exec/obidos/ASIN/0071361235/chopaconline-20">http://www.amazon.com/exec/obidos/ASIN/0071361235/chopaconline-20</a> |
| 856 40 - ELECTRONIC LOCATION AND ACCESS | |
| Materials specified | Amazon customer reviews |
| Uniform Resource Identifier | <a href="http://www.chopac.org/cgi-bin/tools/azrev.pl?q=0071361235">http://www.chopac.org/cgi-bin/tools/azrev.pl?q=0071361235</a> |
| 942 ## - ADDED ENTRY ELEMENTS (KOHA) | |
| Institution code [OBSOLETE] | NBS |
| Koha item type | Book |
| Call number prefix | 658.8 BAI |
| Withdrawn status | Lost status | Damaged status | Not for loan | Permanent Location | Current Location | Date acquired | Total Checkouts | Full call number | Barcode | Date last seen | Price effective from | Koha item type |
|---|---|---|---|---|---|---|---|---|---|---|---|---|
| Central Library (CL) | Central Library (CL) | 08/28/2013 | 658.8 BAI | NBS4186 | 08/28/2013 | 08/28/2013 | Book |
